Effect of mulching on bunching onion at crop station on royal university of agriculture ឥទ្ធិពលនៃគំរបំណាំខ្ទឹមស្លឹកនៅស្ថានីយ៏ដំណាំនៃសាកលវិទ្យាល័យភូមិន្ទកសិកម្ម (Record no. 1062)

000 -LEADER
fixed length control field 00663nam a22001577a 4500
003 - CONTROL NUMBER IDENTIFIER
control field OSt
005 - DATE AND TIME OF LATEST TRANSACTION
control field 20150922140709.0
008 - FIXED-LENGTH DATA ELEMENTS--GENERAL INFORMATION
fixed length control field 150922b xxu||||| |||| 00| 0 eng d
040 ## - CATALOGING SOURCE
Transcribing agency RUA
082 ## - DEWEY DECIMAL CLASSIFICATION NUMBER
Classification number AGR BRA 2006 B034 Or.1
100 ## - MAIN ENTRY--PERSONAL NAME
9 (RLIN) 1110
Personal name BRAK, LIMHEANG.
245 ## - TITLE STATEMENT
Title Effect of mulching on bunching onion at crop station on royal university of agriculture ឥទ្ធិពលនៃគំរបំណាំខ្ទឹមស្លឹកនៅស្ថានីយ៏ដំណាំនៃសាកលវិទ្យាល័យភូមិន្ទកសិកម្ម
260 ## - PUBLICATION, DISTRIBUTION, ETC. (IMPRINT)
Place of publication, distribution, etc. Phnom Penh
Name of publisher, distributor, etc. RUA
Date of publication, distribution, etc. 2006
300 ## - PHYSICAL DESCRIPTION
Extent 49p.
Other physical details ill.
Dimensions 29cm.
942 ## - ADDED ENTRY ELEMENTS (KOHA)
Source of classification or shelving scheme
Koha item type AGR
Holdings
Price effective from Date last seen Permanent Location Not for loan Date acquired Source of classification or shelving scheme Koha item type Lost status Withdrawn status Total Renewals Date last checked out Total Checkouts Shelving location Damaged status Barcode Current Location Full call number
2015-09-222023-11-07Library Block B 2015-09-22 AGR  12023-10-2010  RUA008514Library Block BAGR BRA 2006 B034 Or.1
2018-12-242018-12-24Library Block B 2018-12-24 AGR     B1.194 A41860Library Block BAGR BRA 2006 B1.194 Or.1
2018-12-242018-12-24Library Block B 2018-12-24 AGR     B1.194 A42000Library Block BAGR BRA 2006 B1.194 Or.1
មជ្ឈមណ្ឌលឯការនៃសាកលវិទ្យាល័យភូមិន្ទកសិកម្មចំការដូង

Powered by Koha